Marvel X-Men Members - Statistics

General Stats
  • This quiz has been taken 1,283 times
    1,184 since last reset
  • The average score is 35 of 82
Answer Stats
Hint Answer % Correct
M Original 5 - eyebeams Cyclops
98%
F Original 5 - telekinesis/telepathy Phoenix
97%
M Original 5 - genius, strength, fur Beast
96%
M Original 5 - ice generation Iceman
96%
M Original 5 - wings/flight Angel
94%
M All New - boneclaws, regeneration Wolverine
94%
M 1980s Recruit - magnetic contol Magneto
92%
F All New - weather manipulation Storm
91%
M All New - teleportation, wall-crawling Nightcrawler
90%
F 1980s Recruit - power absorption Rogue
88%
F 2000s - Shapeshifting Mystique
85%
M All New - organic steel state, superstrength Colossus
84%
M All New - sonic vocals Banshee
76%
M Original Recruit - energy distribution Havok
73%
M 1990s - charge objects with explosive energy Gambit
72%
F 1980s Recruit - intangibility Shadowcat
72%
F 1980s Recruit - telekinetic ninja Psylocke
68%
F 2000s - telepathy, diamond form White Queen
67%
M 2000s - telepathy/telekinesis, future son Cable
65%
F 1990s - explosive plasma "fireworks", now vampire Jubilee
65%
M 1990s - absorb and discharge energy Bishop
62%
F 2010s - bone claws, regeneration (genetically engineered clone/sister) X-23
57%
F 2000s - "good luck", heightened reactions and agility Domino
56%
F Original Recruit - magnetic control Polaris
56%
M 2000s - solar absorption grants superstrength, flight, energy blasts Sunspot
50%
F 2000s - teleportation "disks", access to Limbo, magical abilities and armor, soulsword Magik
49%
F 1980s Recruit - light manipulation Dazzler
48%
M 1980s Recruit - intuitive mechanic Forge
48%
M 2000s - superstrength, razor sharp taloned fingers, regeneration Sabretooth
47%
M 1990s - "explosive flight", forcefield Cannonball
46%
M 2000s - superstrength, indestructible Juggernaut
46%
M All New - pyrokinesis, flight Sunfire
41%
F 2000s - Create "daggers" of light, minor healing capabilities Dagger
39%
M Original Recruit - copy powers Mimic
39%
F 2010s - teleportation, teleportation javelins, "spacial shearing" (slice through objects) Blink
38%
M 2000s - "Darkforce" abilities, teleportation Cloak
37%
M All New - superstrength Thunderbird
35%
M 2000s - superstrength Thunderbird
35%
M 2000s - superstrength Warpath
35%
M 1990s - digestive system made of 2 maggot creatures Maggot
34%
F 2000s - lava-like form, earthquake and volcano generation Magma
34%
M 1980s Recruit - "good luck", psychometry Longshot
33%
F 1990s - bone discharge, skeletal armor and weaponry, regeneration Marrow
33%
F 2000s - illusions, animal communication, mental piercing arrows Moonstar
33%
M 2000s - superstrength, speed, flight; underwater living/regeneration; marine life communication Namor
33%
F 2010s - copy powers, "mutant Messiah" Hope Summers
32%
F 2000s - psionic armor with superstrength/durability Armor
31%
F 2000s - explosive plasma bombs Boom Boom
31%
M 2010s - split personalities, all possessing different psychic abilities Legion
30%
M 2010s - Omnilingual Cypher
29%
F 2000s - AI Robot, formerly the X-Men battle simulation/practice program Danger
29%
F 2000s - changes physical properties by shedding her skin Husk
28%
F 2000s - flight, hallucination dust, magical dagger, magical teleportation Pixie
28%
M 2010s - telepathy/telekinesis (alternate reality son) X-Man
27%
M Original Recruit - shapeshift Changeling
26%
M 2010s - techno-organic alien Warlock
26%
M 2000s - star in his head Xorn
26%
M 2000s - blackhole in his head Xorn II
26%
M 2000s - energy blasts from hole in chest, minor telepathy Chamber
25%
F 2000s - mental possession, telepathy Karma
25%
M 2000s - superspeed, flight, light generation Northstar
25%
M 1990s - magnetic control (clone) Joseph
23%
F 2000s - illusion casting, telepathy Lady Mastermind
21%
F 2010s - pyrokinesis/flight Firestar
20%
F 1980s Recruit - telekinesis/telepathy, future daughter Rachel Grey
20%
F 2000s - superspeed, flight, light generation Aurora
19%
F 2000s - telepathy, computeresque brain, jumpstart latent mutations Sage
19%
F 2010s - The separate symbiotic nervous system (see above); flight, shape and size shifting, can carry passengers, can merge with the above E.V.A.
18%
M 2010s - Superstrength, speed and senses, multiple brains; separate symbiotic nervous system (see below) Fantomex
18%
F 1990s - telepathy, psychic blades Revanche
18%
F 1990s - forcefields Cecilia Reyes
17%
F 2000s - half sentinel cyborg Omega Sentinel
17%
F 2000s - instinctive adaption/shapeshifting Lifeguard
16%
M 2000s - teleportation focused through surfboard Slipstream
16%
F 2000s - snake skin and pheremone control Stacy X
16%
F 2000s - animal like attributes, enhanced senses and physical abilities, pheromone control - alien Hepzibah
12%
F 2010s - flight, superstrength, enhanced senses and regeneration, enhanced durability, telepathy Monet
11%
F 2000s - teleportation through doorways Ariel
10%
M 2000s - telekinetically manipulate metal, plastic and glass Box
10%
F 2010s - alien physiology/strength Warbird
9%
M 2000s - longevity, heightened senses and immune system Doctor Nemesis
8%
F 2010s - superstrength, heightened durability Frenzy
8%
No matching quizzes found
Score Distribution
Percent of People with Each Score
Percentile by Number Answered
Your Score History
You have not taken this quiz since the last reset